STN EN ISO 14067: 2022 (83 9067), Skleníkové plyny. Uhlíková stopa produktov. Požiadavky a pokyny na kvantifikáciu (ISO 14067: 2018)

Táto slovenská technická norma je slovenskou verziou európskej normy EN ISO 14067: 2018. Preklad zabezpečil Úrad pre normalizáciu, metrológiu a skúšobníctvo Slovenskej republiky. Táto norma má rovnaké postavenie, ako majú oficiálne verzie

Podrobná bibliografia
Ďalší autori: Borovská, Daša (Prekladateľ)
Médium: Kniha
Jazyk:slovenčina
angličtina
Fyzický popis:52 strán obrázky, tabuľka, vzorce 30 cm
Vydavateľské údaje: Bratislava Úrad pre normalizáciu, metrológiu a skúšobníctvo Slovenskej republiky 2022
Predmet:

MARC

LEADER 00000cam a2200000 a 4500
001 vtls012153475
003 SK-MaSNL
005 20260301231549.0
008 221104s2022 xo al frnu 000 0 slo
015 |a SNBN2024 
040 |a SNK  |b slo  |c SNK  |e AACR2 
041 1 |a slo  |h eng 
044 |a xo  |c SK 
046 |a s  |m 20221101 (účin.) 
072 7 |a 504  |x Znečistenie a poškodenie životného prostredia  |2 konspekt 
080 |a 504.7  |2 2011 
080 |a 006.7/.8  |2 2011 
080 |a (437.6)  |2 2011 
080 |a (4)  |2 2011 
084 |a 13.020.40  |2 ICS 
130 0 |a STN 83 9067 (STN EN ISO 14067)  |9 623878 
245 1 0 |a STN EN ISO 14067: 2022 (83 9067), Skleníkové plyny. Uhlíková stopa produktov. Požiadavky a pokyny na kvantifikáciu (ISO 14067: 2018) 
246 1 0 |a Skleníkové plyny 
246 1 0 |a Uhlíková stopa produktov 
246 1 0 |a Požiadavky a pokyny na kvantifikáciu 
246 3 0 |a ISO 14067: 2018 
246 3 0 |a EN ISO 14067: 2018 SK 
260 |a Bratislava  |b Úrad pre normalizáciu, metrológiu a skúšobníctvo Slovenskej republiky  |c 2022 
300 |a 52 strán  |b obrázky, tabuľka, vzorce  |c 30 cm 
500 |a Súbežný názov v angličtine, francúzštine, nemčine 
500 |a Spracovateľ: Daša Borovská, Bratislava 
500 |a Táto slovneská technická norma nahrádza anglickú verziu STN EN ISO 14067 z marca 2019, ktorá od 1. 3. 2019 nahradila STN P CEN ISO/TS 14067 z novembra 2014 v celom rozsahu 
504 |a Normatívne referenčné dokumenty na strane 2, literatúra na strane 51-52 
520 8 |a Táto slovenská technická norma je slovenskou verziou európskej normy EN ISO 14067: 2018. Preklad zabezpečil Úrad pre normalizáciu, metrológiu a skúšobníctvo Slovenskej republiky. Táto norma má rovnaké postavenie, ako majú oficiálne verzie 
540 |a STN vydané na akomkoľvek nosiči sa môžu rozmnožovať a rozširovať iba so súhlasom určenej právnickej osoby  |b SÚTN Bratislava  |c zákon 60/2018 Z. z. 
650 0 7 |a skleníkové plyny  |2 SNKPH  |9 28934 
650 0 7 |a znečisťujúce látky  |2 SNKPH  |9 26938 
650 0 7 |a Greenhouse gases  |2 SNKPHeng  |9 274762 
650 0 7 |a plyny  |2 SNKPH  |9 17353 
650 0 7 |a oxid uhličitý  |2 SNKPH  |9 17291 
650 0 7 |a uhlíková stopa  |2 SNKPH  |9 511616 
650 0 7 |a technické normy a štandardy  |z Slovensko  |2 SNKPH  |9 79594 
650 0 7 |a technické normy a štandardy  |z krajiny Európskej únie  |2 SNKPH  |9 289341 
655 7 |a normy  |2 SNKPH  |9 70643 
700 1 |a Borovská, Daša  |4 trl  |9 303172 
710 1 |a Slovensko.  |b Úrad pre normalizáciu, metrológiu a skúšobníctvo  |4 stn  |9 158117 
710 2 |a Slovenský ústav technickej normalizácie (Bratislava, Slovensko).  |b Technická komisia č. 72 Enviromentálne manažérstvo  |4 stn  |9 303173 
852 |a Štátna vedecká knižnica v Banskej Bystrici 
958 |a OP 
958 |a NB 
999 |c 958863  |d 960793 
952 |a SNK  |b SNK  |y PREZ  |7 0  |p 17A1537655  |o snkSTN EN ISO 14067  |i snk2024/4794  |8 0  |0 0  |1 0  |4 0  |d 2024-03-20  |l 0  |r 2026-02-24 10:11:45  |w 2026-02-24